00484nam a22001457a 4500020001800000082001800018100001500036245006500051260005500116300001000171650002100181942001200202999001900214952010500233 a9789391382797 a347.05bALK.N aAlka Patil aThe Nature of the Judicial Process:bBook ReviewcAlka Patil aNew Delhi bSwastik Publicationsc2025 a107p. aJudicial Process 2ddccBK c748354d748354 00102ddc4070aLAWbLAWd2025-04-21l0o347.05 ALK.NpLAW6404r2025-04-21 10:22:11w2025-04-21yBK